Croatia world cup 2022 squad - Statistics

General Stats
  • This quiz has been taken 32 times
  • The average score is 7 of 26
Answer Stats
Hint Answer % Correct
10 Luka Modrić
91%
20 Joško Gvardiol
64%
1 Dominik Livaković
55%
11 Marcelo Brozović
45%
16 Bruno Petković
36%
9 Andrej Kramarić
27%
19 Borna Sosa
27%
21 Domagoj Vida
27%
4 Ivan Perišić
27%
2 Josip Stanišić
27%
7 Lovro Majer
27%
25 Luka Sučić
27%
15 Mario Pašalić
27%
14 Marko Livaja
27%
17 Ante Budimir
18%
3 Borna Barišić
18%
6 Dejan Lovren
18%
22 Josip Juranović
18%
8 Mateo Kovačić
18%
18 Mislav Oršić
18%
23 Ivica Ivušić
9%
12 Ivo Grbić
9%
24 Josip Šutalo
9%
5 Martin Erlić
9%
13 Nikola Vlašić
9%
26 Kristijan Jakić
0%
No matching quizzes found
Score Distribution
Percent of People with Each Score
Percentile by Number Answered
Your Score History
You have not taken this quiz